Welcher dieser Deutschrap-Songs gehört zu welchem Rapper? - Statistiken

Allgemein
  • Dieses Quiz wurde 781 mal gespielt
  • Das Durchschnittsergebnis liegt bei 18 aus 30
Antwortstatistiken
Song Rapper % Korrekt
Neymar Capital Bra
96%
Was du liebe nennst Bausa
94%
Bilder im Kopf Sido
93%
Roller Apache207
92%
Sommergewitter Pashanim
87%
Chabos wissen wer der Babo ist Haftbefehl
86%
Einmal um die Welt Cro
84%
Nullkommaneun SSIO
79%
Haus am See Peter Fox
78%
SUVs Luciano
77%
Cataleya Samra
76%
Späti Gzuz
75%
Heute mit mir Nimo
74%
Von Party zu Party SXTN
73%
Emotions Ufo361
67%
Sonnenbrille Loredana
63%
Primo Raf Camora
62%
Angeklagt Bonez MC
61%
Magisch Olexesh
61%
MAXIMUM RIZZ Ski Aggu
49%
Habibo Veysel
48%
Alles wird gut Bushido
46%
Raffaello Shindy
36%
Eisblock Yung Hurn
33%
Neue Deutsche Welle Fler
25%
Superkraft Lucio101
23%
Grauer Beton Trettmann
19%
HDGDL Symba
15%
2 Uhr nachts Dante YN
14%
Sterne nehmen Souly
11%
Keine übereinstimmenden Quizze gefunden
Verteilung der Resultate
Anzahl Personen mit jedem Resultat
Perzentil nach korrekt beantworteten Fragen
Ihre Resultats-Entwicklung
Sie haben dieses Quiz noch nicht gespielt